MARC

Tag First Indicator Second Indicator Subfields
LEADER 00000cas a2200000 a 4500
001 in00000087131
005 20151008064743.0
008 800707c19819999nyumr1p 0 a0eng d
010 |a  81642493   |z sn 80012654  
012 |a 2  |b 3  |j 1  |k 1  |l 1  |m 1 
022 0 |a 0270-7314 
030 |a JFMADT 
032 |a 669510  |b USPS 
035 |a (OCoLC)ocm06493305 
035 |a (OCoLC)06493305 
035 |9 AAK4737AM 
037 |b Wiley-Interscience Journals, 605 Third Ave., New York, N.Y., 10158 
040 |a NSD  |c NSD  |d DLC  |d NSD  |d DLC  |d OCL  |d NSD  |d NST  |d AIP  |d NST  |d AIP  |d NST  |d IUL  |d AGL  |d NSD  |d NST  |d NSD  |d NST  |d NSD  |d DLC  |d AGL  |d NST  |d HUL  |d CUS  |d NSD  |d HNK  |d LVB  |d UtOrBLW 
042 |a lc  |a nsdp 
049 |a TXAM 
050 0 0 |a HG6001  |b .J68 
070 0 |a HG6046  |b J68 
072 0 |a E700 
082 0 |a 332.63/28 
210 0 |a J. futures mark. 
222 4 |a The journal of futures markets 
245 0 4 |a The Journal of futures markets. 
264 1 |a [New York, N.Y.] :  |b Published by J. Wiley in affiliation with the Center for the Study of Futures Markets, Columbia University,  |c [1981-] 
264 4 |c [©1981-] 
300 |a volumes ;  |c 26 cm. 
310 |a Monthly,  |b 2001- 
321 |a Frequency varies,  |b 1981-2000 
336 |a text  |b txt  |2 rdacontent 
337 |a unmediated  |b n  |2 rdamedia 
338 |a volume  |b nc  |2 rdacarrier 
362 0 |a Vol. 1, no. 1 (spring 1981)- 
500 |a Title from cover. 
510 1 |a ABI/INFORM  |b Spring 1982- 
510 1 |a Index of economic articles in journals and collective volumes  |x 0536-647X  |b 1981- 
510 1 |a Journal of economic literature  |x 0022-0515  |b 1981- 
510 1 |a Management contents  |b 1981- 
510 2 |a Accountants' index. Supplement  |x 0748-7975 
510 2 |a Public Affairs Information Service bulletin  |x 0033-3409 
510 0 |a Bibliography of agriculture  |x 0006-1530  |b -1985 
530 |a Available also on microfiche and by subscription via the World Wide Web. 
650 0 |a Futures market  |v Periodicals. 
650 0 |a Commodity exchanges  |v Periodicals. 
650 0 |a Foreign exchange futures  |v Periodicals. 
650 6 |a Bourses de marchandises  |x Périodiques. 
650 6 |a Change à terme  |x Périodiques. 
710 2 |a Columbia University.  |b Center for the Study of Futures Markets. 
776 1 |a Journal of futures markets (Online)  |x 1096-9934  |w (DLC)sn 97001340  |w (OCoLC)38025425 
776 1 |c Microfiche  |x 0270-7314  |w (OCoLC)31214895 
850 |a AAP  |a AU  |a ArU  |a AzU  |a CLSU  |a CPT  |a CStclU  |a CU  |a CU-Riv  |a CaAEU  |a CaBVaS  |a CaMWU  |a CaNSHD  |a CaOPAL  |a CaOTU  |a CaOWA  |a CaOWtU  |a CaSSU  |a CoFS  |a CoU  |a CtU  |a CtW  |a CtY-SSE  |a DGW  |a DLC  |a DNAL  |a DeU  |a FU  |a GASU  |a GAT  |a IC  |a ICIU  |a ICL  |a ICU  |a ICarbS  |a IEN  |a INS  |a IU  |a IaAS  |a IaU  |a InLP  |a InU  |a KMK  |a KyLoU  |a KyU  |a LU  |a MCM  |a MChB  |a MH-BA  |a MdU  |a MiDW  |a MiEM  |a MnSU  |a MoSW  |a MoU  |a MsSM  |a MsU  |a NN  |a NNC  |a NNStJ  |a NRU  |a NSyU  |a NcD  |a NcRS  |a NcU  |a NcWsW  |a NhD  |a NjP  |a NjR  |a NmU  |a OCU  |a OU  |a OkS  |a OkU  |a PBL  |a OrCS  |a PPiU  |a PSt  |a PU-W  |a RPB  |a ScCleU  |a TU  |a TxArU  |a TxCM  |a TxDaM  |a TxHR  |a TxU  |a ULA  |a UPB  |a UU  |a ViBlbV  |a ViU  |a ViW  |a WaU  |a WvU  |a WyU 
936 |a Vol. 22, no. 2 (Feb. 2002) LIC 
949 |a MFHD URL added  |b h  |c 2003/2/26  |d c  |e rstovall5  |f 6:38:59 pm 
994 |a E0  |b TXA 
999 |a MARS 
999 f f |s d39058ab-665a-333b-acd2-ace9eb56f6ca  |i bcc99050-06ba-3e5c-81bc-4fcc62d3eb87  |t 0 
952 f f |p ric  |a Texas A&M University  |b Rellis Campus  |c Joint Library Facility  |d Remote Storage  |t 0  |e HG6001 .J68  |h Library of Congress classification  |i unmediated -- volume  |k v.3  |l 1983  |m A14812178769 
952 f f |p ric  |a Texas A&M University  |b Rellis Campus  |c Joint Library Facility  |d Remote Storage  |t 0  |e HG6001 .J68  |h Library of Congress classification  |i unmediated -- volume  |k v.9  |l 1989  |m A14812070937 
952 f f |p ric  |a Texas A&M University  |b Rellis Campus  |c Joint Library Facility  |d Remote Storage  |t 0  |e HG6001 .J68  |h Library of Congress classification  |i unmediated -- volume  |k v.6  |l 1986  |m A14811203919 
952 f f |p ric  |a Texas A&M University  |b Rellis Campus  |c Joint Library Facility  |d Remote Storage  |t 0  |e HG6001 .J68  |h Library of Congress classification  |i unmediated -- volume  |k v.22:no.4-6  |l 2002:Apr.-June  |m A14829280844 
952 f f |p ric  |a Texas A&M University  |b Rellis Campus  |c Joint Library Facility  |d Remote Storage  |t 0  |e HG6001 .J68  |h Library of Congress classification  |i unmediated -- volume  |k v.11:no.4 -v.11:no.6  |l 1991-1991  |m A14816053424 
952 f f |p ric  |a Texas A&M University  |b Rellis Campus  |c Joint Library Facility  |d Remote Storage  |t 0  |e HG6001 .J68  |h Library of Congress classification  |i unmediated -- volume  |k v.21:no.10-12  |l 2001:Oct.-Dec.  |m A14829280967 
952 f f |p ric  |a Texas A&M University  |b Rellis Campus  |c Joint Library Facility  |d Remote Storage  |t 0  |e HG6001 .J68  |h Library of Congress classification  |i unmediated -- volume  |k v.13:no.1 -v.13:no.4  |l 1993-1993  |m A14817158837 
952 f f |p ric  |a Texas A&M University  |b Rellis Campus  |c Joint Library Facility  |d Remote Storage  |t 0  |e HG6001 .J68  |h Library of Congress classification  |i unmediated -- volume  |k v.17:no.5 -v.17:no.8  |l 1997-1997  |m A14822412246 
952 f f |p ric  |a Texas A&M University  |b Rellis Campus  |c Joint Library Facility  |d Remote Storage  |t 0  |e HG6001 .J68  |h Library of Congress classification  |i unmediated -- volume  |k v.14:no.1 -v.14:no.4  |l 1994-1994  |m A14818804033 
952 f f |p ric  |a Texas A&M University  |b Rellis Campus  |c Joint Library Facility  |d Remote Storage  |t 0  |e HG6001 .J68  |h Library of Congress classification  |i unmediated -- volume  |k v.18:no.1 -v.18:no.4  |l 1998-1998  |m A14823736392 
952 f f |p ric  |a Texas A&M University  |b Rellis Campus  |c Joint Library Facility  |d Remote Storage  |t 0  |e HG6001 .J68  |h Library of Congress classification  |i unmediated -- volume  |k v.21:no.7-9  |l 2001:July-Sept.  |m A14829281086 
952 f f |p ric  |a Texas A&M University  |b Rellis Campus  |c Joint Library Facility  |d Remote Storage  |t 0  |e HG6001 .J68  |h Library of Congress classification  |i unmediated -- volume  |k v.19:no.5-8  |l 1999:Aug.-Dec.  |m A14827265393 
952 f f |p ric  |a Texas A&M University  |b Rellis Campus  |c Joint Library Facility  |d Remote Storage  |t 0  |e HG6001 .J68  |h Library of Congress classification  |i unmediated -- volume  |k v.19:no.1 -v.19:no.4  |l 1999-1999  |m A14825295033 
952 f f |p ric  |a Texas A&M University  |b Rellis Campus  |c Joint Library Facility  |d Remote Storage  |t 0  |e HG6001 .J68  |h Library of Congress classification  |i unmediated -- volume  |k v.11:no.1 -v.11:no.3  |l 1991-1991  |m A14816053369 
952 f f |p ric  |a Texas A&M University  |b Rellis Campus  |c Joint Library Facility  |d Remote Storage  |t 0  |e HG6001 .J68  |h Library of Congress classification  |i unmediated -- volume  |k v.20:no.1-4  |l 2000;Jan.-Apr.  |m A14827265351 
952 f f |p ric  |a Texas A&M University  |b Rellis Campus  |c Joint Library Facility  |d Remote Storage  |t 0  |e HG6001 .J68  |h Library of Congress classification  |i unmediated -- volume  |k v.17:no.1 -v.17:no.4  |l 1997-1997  |m A14821625422 
952 f f |p ric  |a Texas A&M University  |b Rellis Campus  |c Joint Library Facility  |d Remote Storage  |t 0  |e HG6001 .J68  |h Library of Congress classification  |i unmediated -- volume  |k v.16:no.5 -v.16:no.8  |l 1996-1996  |m A14820727158 
952 f f |p ric  |a Texas A&M University  |b Rellis Campus  |c Joint Library Facility  |d Remote Storage  |t 0  |e HG6001 .J68  |h Library of Congress classification  |i unmediated -- volume  |k v.1  |l 1981  |m A14812130410 
952 f f |p ric  |a Texas A&M University  |b Rellis Campus  |c Joint Library Facility  |d Remote Storage  |t 0  |e HG6001 .J68  |h Library of Congress classification  |i unmediated -- volume  |k v.2  |l 1982  |m A14850077471 
952 f f |p ric  |a Texas A&M University  |b Rellis Campus  |c Joint Library Facility  |d Remote Storage  |t 0  |e HG6001 .J68  |h Library of Congress classification  |i unmediated -- volume  |k v.22:no.7-9  |l 2002:July-Sept.  |m A14830366522 
952 f f |p ric  |a Texas A&M University  |b Rellis Campus  |c Joint Library Facility  |d Remote Storage  |t 0  |e HG6001 .J68  |h Library of Congress classification  |i unmediated -- volume  |k v.22:no.10-12  |l 2002:Oct.-Dec.  |m A14830366328 
952 f f |p ric  |a Texas A&M University  |b Rellis Campus  |c Joint Library Facility  |d Remote Storage  |t 0  |e HG6001 .J68  |h Library of Congress classification  |i unmediated -- volume  |k v.8  |l 1988  |m A14811782272 
952 f f |p ric  |a Texas A&M University  |b Rellis Campus  |c Joint Library Facility  |d Remote Storage  |t 0  |e HG6001 .J68  |h Library of Congress classification  |i unmediated -- volume  |k v.7  |l 1987  |m A14811413970 
952 f f |p ric  |a Texas A&M University  |b Rellis Campus  |c Joint Library Facility  |d Remote Storage  |t 0  |e HG6001 .J68  |h Library of Congress classification  |i unmediated -- volume  |k v.22:no.1-3  |l 2002:Jan.-Mar.  |m A14829280886 
952 f f |p ric  |a Texas A&M University  |b Rellis Campus  |c Joint Library Facility  |d Remote Storage  |t 0  |e HG6001 .J68  |h Library of Congress classification  |i unmediated -- volume  |k v.10  |l 1990  |m A14812943457 
952 f f |p ric  |a Texas A&M University  |b Rellis Campus  |c Joint Library Facility  |d Remote Storage  |t 0  |e HG6001 .J68  |h Library of Congress classification  |i unmediated -- volume  |k v.5  |l 1985  |m A14812178670 
952 f f |p ric  |a Texas A&M University  |b Rellis Campus  |c Joint Library Facility  |d Remote Storage  |t 0  |e HG6001 .J68  |h Library of Congress classification  |i unmediated -- volume  |k v.15:no.5 -v.15:no.8  |l 1995-1995  |m A14819742022 
952 f f |p ric  |a Texas A&M University  |b Rellis Campus  |c Joint Library Facility  |d Remote Storage  |t 0  |e HG6001 .J68  |h Library of Congress classification  |i unmediated -- volume  |k v.15:no.1 -v.15:no.4  |l 1995-1995  |m A14819347898 
952 f f |p ric  |a Texas A&M University  |b Rellis Campus  |c Joint Library Facility  |d Remote Storage  |t 0  |e HG6001 .J68  |h Library of Congress classification  |i unmediated -- volume  |k v.4  |l 1984  |m A14812178727 
952 f f |p ric  |a Texas A&M University  |b Rellis Campus  |c Joint Library Facility  |d Remote Storage  |t 0  |e HG6001 .J68  |h Library of Congress classification  |i unmediated -- volume  |k v.12:no.1 -v.12:no.3  |l 1992-1992  |m A14817004999 
952 f f |p ric  |a Texas A&M University  |b Rellis Campus  |c Joint Library Facility  |d Remote Storage  |t 0  |e HG6001 .J68  |h Library of Congress classification  |i unmediated -- volume  |k v.16:no.1 -v.16:no.4  |l 1996-1996  |m A14820727108 
952 f f |p ric  |a Texas A&M University  |b Rellis Campus  |c Joint Library Facility  |d Remote Storage  |t 0  |e HG6001 .J68  |h Library of Congress classification  |i unmediated -- volume  |k v.14:no.5 -v.14:no.8  |l 1994-1994  |m A14819071049 
952 f f |p ric  |a Texas A&M University  |b Rellis Campus  |c Joint Library Facility  |d Remote Storage  |t 0  |e HG6001 .J68  |h Library of Congress classification  |i unmediated -- volume  |k v.12:no.4 -v.12:no.6  |l 1992-1992  |m A14817004949 
952 f f |p ric  |a Texas A&M University  |b Rellis Campus  |c Joint Library Facility  |d Remote Storage  |t 0  |e HG6001 .J68  |h Library of Congress classification  |i unmediated -- volume  |k v.21:no.1-6  |l 2001:Jan.-June  |m A14827366212 
952 f f |p ric  |a Texas A&M University  |b Rellis Campus  |c Joint Library Facility  |d Remote Storage  |t 0  |e HG6001 .J68  |h Library of Congress classification  |i unmediated -- volume  |k v.18:no.5 -v.18:no.8  |l 1998-1998  |m A14824008881 
952 f f |p ric  |a Texas A&M University  |b Rellis Campus  |c Joint Library Facility  |d Remote Storage  |t 0  |e HG6001 .J68  |h Library of Congress classification  |i unmediated -- volume  |k v.13:no.5 -v.13:no.8  |l 1993-1993  |m A14817869103 
952 f f |p ric  |a Texas A&M University  |b Rellis Campus  |c Joint Library Facility  |d Remote Storage  |t 0  |e HG6001 .J68  |h Library of Congress classification  |i unmediated -- volume  |k v.20:no.5-10  |l 2000:May-Nov.  |m A14827366131 
998 f f |a HG6001 .J68  |s v.1-22 (1981-2002)  |t 0  |l Remote Storage